[Event "16. Torneo Navalmoral de la Mata"]
[Site "Navamoral de la Mata ESP"]
[Date "2010.12.07"]
[Round "8.7"]
[White "Leon Hoyos, Manuel"]
[Black "Gonzalez Perez, Arian"]
[Result "1/2-1/2"]
[WhiteElo "2570"]
[BlackElo "2435"]
[PlyCount "120"]
[EventDate "2010.12.04"]
[EventType "swiss"]
[EventRounds "9"]
[EventCountry "ESP"]
[Source "lmi"]
[SourceDate "2010.12.04"]

1. e4 c5 2. Nf3 Nc6 3. Nc3 e5 4. Bc4 Be7 5. d3 d6 6. O-O Nf6 7. h3 O-O 8. a3 h6
9. Rb1 Be6 10. b4 b6 11. Nd5 Nd4 12. bxc5 Bxd5 13. exd5 Nxf3+ 14. Qxf3 bxc5 15.
Rb7 Nh7 16. Bb5 Bg5 17. Bc6 Qa5 18. Rb5 Qa6 19. a4 Rab8 20. Be3 Rb6 21. c4 Bxe3
22. Qxe3 Rxb5 23. axb5 Qa5 24. f4 exf4 25. Qxf4 Qc7 26. Re1 Rc8 27. Re2 Nf8 28.
d4 Ng6 29. Qe3 cxd4 30. Qxd4 Qb6 31. Qxb6 axb6 32. c5 dxc5 33. d6 Nf4 34. Re7
Ne6 35. Rb7 Rd8 36. d7 c4 37. Kf2 Nc5 38. Rxb6 Nxd7 39. Bxd7 Rxd7 40. Rb8+ Kh7
41. Rc8 Rd2+ 42. Kf3 Rb2 43. Rxc4 Rxb5 44. h4 Kg6 45. g4 f6 46. Kf4 h5 47. Ra4
Rb1 48. Rc4 Rf1+ 49. Ke3 Rh1 50. g5 fxg5 51. Rc6+ Kf5 52. Rc5+ Kf6 53. Rc6+ Kf7
54. hxg5 Re1+ 55. Kf4 Re6 56. Rc7+ Kg6 57. Rb7 Ra6 58. Rb4 Ra1 59. Rb6+ Kh7 60.
Kf5 Rf1+ 1/2-1/2

[Event "16. Torneo Navalmoral de la Mata"]
[Site "Navamoral de la Mata ESP"]
[Date "2010.12.07"]
[Round "8.8"]
[White "Shchekachev, Andrei"]
[Black "Figuero Toro, Julian"]
[Result "1-0"]
[WhiteElo "2527"]
[BlackElo "2234"]
[PlyCount "59"]
[EventDate "2010.12.04"]
[EventType "swiss"]
[EventRounds "9"]
[EventCountry "ESP"]
[Source "lmi"]
[SourceDate "2010.12.04"]

1. Nf3 d6 2. d4 Nf6 3. c4 g6 4. Nc3 Bg7 5. e4 O-O 6. Be2 e5 7. O-O Nc6 8. d5
Ne7 9. Nd2 a5 10. b3 Nd7 11. Ba3 f5 12. b4 Kh8 13. bxa5 Ng8 14. Nb3 Ngf6 15. f3
Bh6 16. Bc1 Bxc1 17. Qxc1 Nc5 18. Nxc5 dxc5 19. Qb2 Rxa5 20. exf5 gxf5 21. Rfe1
Ra6 22. Bf1 Re8 23. Rad1 Rb6 24. Qf2 Qd6 25. Na4 Ra6 26. Nxc5 Ra8 27. Nd3 Bd7
28. c5 Qxd5 29. Nxe5 Qxa2 30. Qd4 1-0

[Event "16. Torneo Navalmoral de la Mata"]
[Site "Navamoral de la Mata ESP"]
[Date "2010.12.07"]
[Round "8.9"]
[White "Pogorelov, Ruslan"]
[Black "Galego, Luis"]
[Result "0-1"]
[WhiteElo "2434"]
[BlackElo "2500"]
[PlyCount "43"]
[EventDate "2010.12.04"]
[EventType "swiss"]
[EventRounds "9"]
[EventCountry "ESP"]
[Source "lmi"]
[SourceDate "2010.12.04"]

1. Nf3 d6 2. d4 Nf6 3. c4 Nbd7 4. Nc3 c6 5. e4 e5 6. Be2 Be7 7. O-O O-O 8. Qc2
a6 9. Rd1 Qc7 10. Bg5 h6 11. Bh4 Re8 12. Rac1 Nf8 13. c5 exd4 14. cxd6 Bxd6 15.
Bxf6 dxc3 16. Bxc3 Bf4 17. Rb1 Bg4 18. g3 Bxf3 19. Bxf3 Be5 20. Bxe5 Rxe5 21.
Qc3 g5 22. Bg2 0-1

[Event "16. Torneo Navalmoral de la Mata"]
[Site "Navamoral de la Mata ESP"]
[Date "2010.12.07"]
[Round "8.10"]
[White "Shishkin, Vadim"]
[Black "Perez Mitjans, Orelvis"]
[Result "1-0"]
[WhiteElo "2458"]
[BlackElo "2460"]
[PlyCount "23"]
[EventDate "2010.12.04"]
[EventType "swiss"]
[EventRounds "9"]
[EventCountry "ESP"]
[Source "lmi"]
[SourceDate "2010.12.04"]

1. d4 d5 2. c4 Nc6 3. Nc3 dxc4 4. Nf3 Nf6 5. e3 Bg4 6. Bxc4 e6 7. h3 Bh5 8. Bb5
Qd6 9. g4 Bg6 10. Ne5 Nd7 11. Nxc6 bxc6 12. Qf3 1-0

[Event "16. Torneo Navalmoral de la Mata"]
[Site "Navamoral de la Mata ESP"]
[Date "2010.12.08"]
[Round "9.1"]
[White "Corrales Jimenez, Fidel"]
[Black "Le Roux, Jean-Pierre"]
[Result "0-1"]
[WhiteElo "2597"]
[BlackElo "2520"]
[PlyCount "60"]
[EventDate "2010.12.04"]
[EventType "swiss"]
[EventRounds "9"]
[EventCountry "ESP"]
[Source "lmi"]
[SourceDate "2010.12.04"]

1. e4 e5 2. Nf3 Nc6 3. Bb5 Nf6 4. O-O Nxe4 5. d4 Nd6 6. Bxc6 dxc6 7. dxe5 Nf5
8. Qxd8+ Kxd8 9. Nc3 Ke8 10. h3 h5 11. Ne4 Be6 12. Re1 a5 13. Neg5 Be7 14. Nxe6
fxe6 15. c3 c5 16. Ng5 Ra6 17. g3 a4 18. Bf4 Rf8 19. Re4 Kd7 20. Rd1+ Kc8 21.
Kg2 b5 22. Nf3 a3 23. b3 c4 24. bxc4 Ra4 25. g4 hxg4 26. hxg4 Nh6 27. Bxh6 gxh6
28. Rde1 Rxc4 29. Rxc4 bxc4 30. Re4 Rd8 0-1

[Event "16. Torneo Navalmoral de la Mata"]
[Site "Navamoral de la Mata ESP"]
[Date "2010.12.08"]
[Round "9.2"]
[White "Spasov, Vasil"]
[Black "Kislinsky, Alexey"]
[Result "1-0"]
[WhiteElo "2606"]
[BlackElo "2483"]
[PlyCount "91"]
[EventDate "2010.12.04"]
[EventType "swiss"]
[EventRounds "9"]
[EventCountry "ESP"]
[Source "lmi"]
[SourceDate "2010.12.04"]

1. e4 c5 2. Nf3 Nc6 3. Bb5 g6 4. Bxc6 dxc6 5. h3 Bg7 6. d3 Nf6 7. Nc3 Nd7 8.
Be3 e5 9. Qd2 Qe7 10. Bh6 f6 11. Bxg7 Qxg7 12. Qe3 b6 13. Nd2 Nf8 14. Ne2 Ne6
15. f4 Nd4 16. Nxd4 cxd4 17. Qg3 O-O 18. fxe5 fxe5 19. Nf3 Re8 20. O-O a5 21.
a4 Ra7 22. Rf2 Rf7 23. Raf1 c5 24. Ng5 Rxf2 25. Rxf2 Re7 26. b3 Bd7 27. Rf1 Be8
28. Nf3 Bd7 29. Nd2 Be6 30. Qg5 h6 31. Qg3 g5 32. Nc4 Bxc4 33. bxc4 Rf7 34. Rf5
Rxf5 35. exf5 Qe7 36. Qf3 Kg7 37. Qc6 Qf7 38. g4 e4 39. Qxe4 Qc7 40. Kg2 Kf8
41. Qe6 Qb7+ 42. Kf2 Qh1 43. Qxh6+ Ke8 44. Qe6+ Kf8 45. Qd6+ Ke8 46. f6 1-0

[Event "16. Torneo Navalmoral de la Mata"]
[Site "Navamoral de la Mata ESP"]
[Date "2010.12.08"]
[Round "9.3"]
[White "Perez Candelario, Manuel"]
[Black "Kolev Ivanov, Atanas"]
[Result "1/2-1/2"]
[WhiteElo "2524"]
[BlackElo "2571"]
[PlyCount "61"]
[EventDate "2010.12.04"]
[EventType "swiss"]
[EventRounds "9"]
[EventCountry "ESP"]
[Source "lmi"]
[SourceDate "2010.12.04"]

1. e4 e5 2. Nf3 Nc6 3. Bb5 a6 4. Ba4 Nf6 5. O-O Nxe4 6. d4 b5 7. Bb3 d5 8. dxe5
Be6 9. c3 Bc5 10. Nbd2 O-O 11. Bc2 Nxf2 12. Rxf2 f6 13. exf6 Bxf2+ 14. Kxf2
Qxf6 15. Kg1 Rae8 16. Nf1 Ne5 17. Be3 Nxf3+ 18. Qxf3 Qxf3 19. gxf3 Rxf3 20. Bf2
Bh3 21. Nd2 Rf6 22. Re1 Rxe1+ 23. Bxe1 Re6 24. Kf2 Bg4 25. Bd3 c5 26. Bf1 c4
27. Bg2 Rd6 28. Ke3 Re6+ 29. Kf2 Rd6 30. Ke3 Re6+ 31. Kf2 1/2-1/2

[Event "16. Torneo Navalmoral de la Mata"]
[Site "Navamoral de la Mata ESP"]
[Date "2010.12.08"]
[Round "9.5"]
[White "Galego, Luis"]
[Black "Shchekachev, Andrei"]
[Result "1/2-1/2"]
[WhiteElo "2500"]
[BlackElo "2527"]
[PlyCount "40"]
[EventDate "2010.12.04"]
[EventType "swiss"]
[EventRounds "9"]
[EventCountry "ESP"]
[Source "lmi"]
[SourceDate "2010.12.04"]

1. e4 c5 2. Nf3 d6 3. Bb5+ Nd7 4. c3 Ngf6 5. Qe2 a6 6. Ba4 b5 7. Bc2 Bb7 8. O-O
e5 9. d4 Be7 10. dxe5 dxe5 11. Rd1 Qc7 12. Nbd2 O-O 13. Nf1 Rfe8 14. Ng3 g6 15.
h3 Rad8 16. Bh6 Nf8 17. a4 c4 18. axb5 axb5 19. Ng5 Rxd1+ 20. Rxd1 Bc8 1/2-1/2

[Event "16. Torneo Navalmoral de la Mata"]
[Site "Navamoral de la Mata ESP"]
[Date "2010.12.08"]
[Round "9.6"]
[White "Cruz, Cristhian"]
[Black "Cornette, Matthieu"]
[Result "0-1"]
[WhiteElo "2485"]
[BlackElo "2522"]
[PlyCount "54"]
[EventDate "2010.12.04"]
[EventType "swiss"]
[EventRounds "9"]
[EventCountry "ESP"]
[Source "lmi"]
[SourceDate "2010.12.04"]

1. c4 Nf6 2. d4 e6 3. Nf3 d5 4. Nc3 Bb4 5. Bg5 h6 6. Bxf6 Qxf6 7. e3 O-O 8. Rc1
dxc4 9. Bxc4 c5 10. O-O cxd4 11. Nxd4 Bd7 12. Qb3 Nc6 13. Nce2 Qe7 14. a3 Bd2
15. Nxc6 Bxc6 16. Rcd1 Ba5 17. Nd4 Rac8 18. f4 Be4 19. Kh1 Bb6 20. Ne2 Qc5 21.
Rd4 Qc6 22. Bb5 Bxg2+ 23. Kg1 Bd5 24. Bxc6 Bxb3 25. Bxb7 Rc2 26. Rf2 Rb8 27.
Rb4 Bxe3 0-1

[Event "16. Torneo Navalmoral de la Mata"]
[Site "Navamoral de la Mata ESP"]
[Date "2010.12.08"]
[Round "9.7"]
[White "Gonzalez Perez, Arian"]
[Black "Khamrakulov, Ibragim S"]
[Result "1/2-1/2"]
[WhiteElo "2435"]
[BlackElo "2494"]
[PlyCount "21"]
[EventDate "2010.12.04"]
[EventType "swiss"]
[EventRounds "9"]
[EventCountry "ESP"]
[Source "lmi"]
[SourceDate "2010.12.04"]

1. Nf3 Nf6 2. c4 e6 3. g3 b6 4. Bg2 Bb7 5. O-O c5 6. b3 Be7 7. Bb2 O-O 8. e3 d5
9. Qe2 Nbd7 10. d3 Qc7 11. Nbd2 1/2-1/2

[Event "16. Torneo Navalmoral de la Mata"]
[Site "Navamoral de la Mata ESP"]
[Date "2010.12.08"]
[Round "9.8"]
[White "Del Rio De Angelis, Salvador G"]
[Black "Leon Hoyos, Manuel"]
[Result "1-0"]
[WhiteElo "2489"]
[BlackElo "2570"]
[PlyCount "75"]
[EventDate "2010.12.04"]
[EventType "swiss"]
[EventRounds "9"]
[EventCountry "ESP"]
[Source "lmi"]
[SourceDate "2010.12.04"]

1. d4 Nf6 2. c4 c5 3. d5 b5 4. cxb5 a6 5. e3 Bb7 6. Nc3 Qa5 7. Bd2 axb5 8. Bxb5
Qb6 9. Bc4 e6 10. Qb3 Qxb3 11. Bxb3 exd5 12. Nge2 Na6 13. O-O Nc7 14. Rfd1 Bd6
15. Be1 Ke7 16. f3 h6 17. Bh4 g5 18. Bf2 Be5 19. Ng3 d6 20. Nf5+ Kf8 21. Bg3
Ra6 22. e4 Bxg3 23. hxg3 d4 24. Nxd6 Rxd6 25. e5 Ra6 26. exf6 Bc6 27. Ne4 Bxe4
28. fxe4 Rxf6 29. Rac1 Na6 30. Bc4 Kg7 31. e5 Rb6 32. Rf1 Re8 33. Rf6 Ree6 34.
Rcf1 Rxf6 35. Rxf6 Rxb2 36. Rxf7+ Kh8 37. e6 Rb1+ 38. Kf2 1-0

[Event "16. Torneo Navalmoral de la Mata"]
[Site "Navamoral de la Mata ESP"]
[Date "2010.12.08"]
[Round "9.9"]
[White "Fedorchuk, Sergey A"]
[Black "Cabezas Ayala, Ivan"]
[Result "1-0"]
[WhiteElo "2674"]
[BlackElo "2355"]
[PlyCount "25"]
[EventDate "2010.12.04"]
[EventType "swiss"]
[EventRounds "9"]
[EventCountry "ESP"]
[Source "lmi"]
[SourceDate "2010.12.04"]

1. e4 e5 2. Nf3 Nc6 3. Bb5 Nf6 4. d3 Bc5 5. c3 d6 6. O-O O-O 7. Bg5 h6 8. Bh4
Bd7 9. Nbd2 Re8 10. Re1 a6 11. Ba4 Kh7 12. Nf1 g5 13. Bg3 1-0

[Event "16. Torneo Navalmoral de la Mata"]
[Site "Navamoral de la Mata ESP"]
[Date "2010.12.08"]
[Round "9.10"]
[White "Cruz, Jonathan"]
[Black "Malaniuk, Vladimir P"]
[Result "1-0"]
[WhiteElo "2399"]
[BlackElo "2510"]
[PlyCount "48"]
[EventDate "2010.12.04"]
[EventType "swiss"]
[EventRounds "9"]
[EventCountry "ESP"]
[Source "lmi"]
[SourceDate "2010.12.04"]

1. Nf3 f5 2. g3 Nf6 3. Bg2 g6 4. d4 Bg7 5. c4 O-O 6. Nc3 d6 7. O-O Qe8 8. Nd5
Nxd5 9. cxd5 c6 10. Qb3 cxd5 11. Qxd5+ Kh8 12. Be3 Nc6 13. Rfc1 h6 14. h4 Qd8
15. Qb5 e5 16. dxe5 dxe5 17. Bc5 Rf7 18. Rd1 Rd7 19. Qb3 e4 20. Rxd7 Bxd7 21.
Ne1 b6 22. Be3 Na5 23. Qb4 Be6 24. Nc2 Nc4 1-0